000 00299 a2200121 4500
000 nam a22 7a 4500
005 20260207134449.0
020 _a9789392516818
100 _aDP Singh
_91114357
245 _aJambhudweep ka Vaidik Samaj
260 _bUniversity Publication
_c2023
942 _cTEXL
999 _c1678901
_d1678901